000 00428nam a2200193Ia 4500
008 101110s9999 xx 000 0 und d
041 _aSANSKRIT
082 _bSR5771
100 _aPhadake S.M.
245 _aVedant - Nidarshan
365 _b3
520 _aMarathi
546 _aSANSKRIT
630 _aVedant - Nidarshan
650 _aMarathi
655 _aMarathi
730 _aVedant - Nidarshan
942 _cBOOK
999 _c801760
_d801757